Contabilidad moderna 3; nivel básico 3 /

Guardado en:
Autor Principal: García Apolinar, Edgardo
Formato: Libro
Publicado: Buenos Aires : Troquel, 1985
Edición:2a. ed.
Materias:
Etiquetas: Agregar Etiqueta
Sin Etiquetas, Sea el primero en etiquetar este registro!
LEADER 01828nam a22002175a 4500
001 CEM.cems002710
005 20060217000000.0
008 130507s1985##################000#0#####d
003 CEMS
082 0 4 |a 657 
100 1 |a García Apolinar, Edgardo 
245 1 0 |a Contabilidad moderna 3; nivel básico 3 /  |c Edgardo García Apolinar 
250 |a 2a. ed. 
260 |a Buenos Aires :  |b Troquel,  |c 1985 
300 |a 349 p. 
505 0 |a Revisi¢n conocimientos anteriores: la contabilidad del iva, el registro contable. Operaciones de la empresa en su relaci¢n con bancos: crédito, crédito en descubierto, descuento de pagarés a sola firma. Descuento de pagarés de terceros. Operaciones de la empresa en relaci¢n con los bienes de cambio. Operaciones de la empresa de comercio exterior: letra de cambio, protesto, letras de plaza y giro, comercio de importaci¢n y exportaci¢n. Operaciones de la empresa con los bienes inmuebles: compra y venta, explotaci¢n de inmuebles, crédito hipotecario. Operaciones de la empresa en relaci¢n con los bienes muebles: crédito prendario, Warrants. Operaciones de la empresa de colocaci¢n de capitales en inversiones no habituales: valores mobiliarios, intereses corridos. Operaciones de la empresa en relaci¢n con bienes de terceros: fianza, endoso, aval. Sistema de contabilidad utilizado en la mediana y gran empresa: contabilidad centralizada, mayor de fichas y mayores auxiliares. El balance general de la empresa en marcha por cierre del ejercicio econ¢mico: balance general, ajustes en época de balances, determinaci¢n de resultados y cierre de libros. An lisis de cuentas 
653 |a Contabilidad 
653 |a Contabilidad 3er. año 
653 |a Empresa-balance general 
653 |a Valores mobiliarios 
859 |a CEMS  |b BIB. CEMS - 11 de abril  |h 657  |i G165-3a2/III  |p 15696.90  |t Ej.1